000 01326nam a22003737a 4500
003 CHAP
005 20240904084000.0
008 971010s1986 r 00010 d
010 _a65408
011 _a66380
035 _a74491
040 _cCHAP
090 _aTesis
100 1 0 _aMartínez Damián, María Teresa
_971962
245 _aEvaluación agroindustrial de dos selecciones de tejocote (Crataegus mexicana H.B.K.)
260 _aChapingo, Méx. :
_bEl autor,
_c1986
300 _a93 h. gráfs.
502 _aTesis (Ing. Agr. Esp. en Industrias Agrícolas) -- UACH. Departamento de Industrias Agrícolas
590 _aALEPH
_b10
_c20130110
_lUCH01
_h1356
590 _aBATCH-UPD
_b10
_c20130110
_lUCH01
_h0152
590 _aBATCH-UPD
_b10
_c20130110
_lUCH01
_h1759
590 _aBATCH-UPD
_b10
_c20130409
_lUCH01
_h2153
590 _aBATCH-UPD
_b10
_c20130410
_lUCH01
_h1135
590 _aBATCH-UPD
_b10
_c20130914
_lUCH01
_h1444
590 _aCONVERSION
_b10
_c20130109
_lUCH01
_h1336
650 1 4 _aFruta
_xBioquímica.
_943596
650 1 4 _aTejocote
_xFisiología y morfología.
_9112046
650 1 4 _aTejocote
_xProcesado.
_9112065
700 0 _aVélez Ortega, José Enrique.
_9120585
901 _aBK
942 _cTESIS
949 _bBC
_cTES
_d-146415
_eTS1
_h18899
_i74491
_si
949 _bIA
_cTES
_d-7361
_eTS1
_i74491
_si
999 _c65408
_d65408